01116nam0a22002291 4500001001100000005001700011021001900028035002600047100004100073101000800114102000700122105001800129200036800147210003400515215002600549300006000575606016900635700002300804801001800827801002200845852001900867rc\426676920250612033530.0 aRUb[67-23692] a(NLR Aleph) 008485965 a20130416d1967 |||y0rusy50 ca0 arus aRU aa z |||||1 aМетодика определения расчета усилий в элементах оснастки при монтаже крупногабаритных конструкций и аппаратов выжиманием подпоркамиfНауч.-исслед. и конструкторский ин-т монтажной технологии a[Москва]cБ. и.d1967 a59 с.cчерт.d21 aПеред загл. авт.: инж. В.К. Бодик aПромышленное оборудование, вертикальноеxМонтаж методом выжимания подпоркамиxРасчет2psbo 1aБодикbВ.К. 0aRUbNLRgpsbo 1aRUbELAR2rusmarc aNLRj67-4/8109